书目信息 |
| 题名: |
结构风荷载作用
|
|
| 作者: | 迪尔比耶 , 汉森 著 ;薛素铎 , 李雄彦 译 | |
| 分册: | ||
| 出版信息: | 北京 中国建筑工业出版社 2006.09 |
|
| 页数: | 208页 | |
| 开本: | 23cm | |
| 丛书名: | ||
| 单 册: | ||
| 中图分类: | TU312 | |
| 科图分类: | ||
| 主题词: | 建筑结构--jian zhu jie gou--风荷载 | |
| 电子资源: | ||
| ISBN: | 7-112-08476-8 | |
| 000 | 01208nam0 2200289 450 | |
| 001 | 012008428626 | |
| 005 | 20191030093010.25 | |
| 010 | @a7-112-08476-8@dCNY46.00 | |
| 100 | @a20080113d2006 em y0chiy0120 ea | |
| 101 | 1 | @achi@cdan |
| 102 | @aCN@b110000 | |
| 105 | @aa a 000yy | |
| 200 | 1 | @a结构风荷载作用@Ajie gou feng he zai zuo yong@f(丹) 迪尔比耶, 汉森著@F(dan)di er bi ye,han sen zhu@g薛素铎, 李雄彦译@Gxue su duo,li xiong yan yi |
| 210 | @a北京@c中国建筑工业出版社@d2006.09 | |
| 215 | @a208页@c图@d23cm | |
| 312 | @a英文并列题名取自封面 | |
| 320 | @a有书目 (第202-208页) | |
| 330 | @a本书内容丰富,涵盖了风荷载的五个主要环节:全球风气候、场地风特性、气动响应、结构风致响应和设计标准。主要内容包括风气候、大气边界层的自然风、静风荷载、单自由度结构顺风向风振响应、钝体风振响应、旋涡脱落引起的横向风振、颤振等。 | |
| 500 | 10 | @aWind loads on structures@mChinese |
| 606 | 0 | @a建筑结构@Ajian zhu jie gou@x风荷载 |
| 690 | @aTU312@v4 | |
| 701 | 1 | @a迪尔比耶@Adi er bi ye@g(Dyrbye, Claes)@4著 |
| 701 | 1 | @a汉森@Ahan sen@g(Hansen, Svend O)@4著 |
| 702 | 0 | @a薛素铎@Axue su duo@4译 |
| 702 | 0 | @a李雄彦@Ali xiong yan@4译 |
| 801 | 0 | @aCN@bQSSK@c20080113 |
| 905 | @b277852-54@dTU312@eD371@f3 | |
| 结构风荷载作用/(丹) 迪尔比耶, 汉森著/薛素铎, 李雄彦译.-北京:中国建筑工业出版社,2006.09 |
| 208页:图;23cm |
| ISBN 7-112-08476-8:CNY46.00 |
| 本书内容丰富,涵盖了风荷载的五个主要环节:全球风气候、场地风特性、气动响应、结构风致响应和设计标准。主要内容包括风气候、大气边界层的自然风、静风荷载、单自由度结构顺风向风振响应、钝体风振响应、旋涡脱落引起的横向风振、颤振等。 |
| ● |
| 相关链接 |
|
|
|
正题名:结构风荷载作用
索取号:TU312/D371
 
预约/预借
| 序号 | 登录号 | 条形码 | 馆藏地/架位号 | 状态 | 备注 |
| 1 | 1455196 | 214551965 | 建筑库101/101建筑库 79排2列3层/ [索取号:TU312/D371] | 在馆 | |
| 2 | 1455197 | 214551974 | 建筑库101/101建筑库 79排2列3层/ [索取号:TU312/D371] | 在馆 | |
| 3 | 1455198 | 214551983 | 建筑库101/101建筑库 79排2列3层/ [索取号:TU312/D371] | 在馆 | |
| 4 | 1455199 | 214551992 | 建筑库101/101建筑库 79排2列3层/ [索取号:TU312/D371] | 在馆 | |
| 5 | 1455200 | 214552009 | 建筑库101/101建筑库 79排2列3层/ [索取号:TU312/D371] | 在馆 | |
| 6 | 277852 | 202778529 | 建筑库101/101建筑库 79排2列3层/ [索取号:TU312/D371] | 在馆 | |
| 7 | 277853 | 202778538 | 建筑库101/101建筑库 79排2列3层/ [索取号:TU312/D371] | 在馆 | |
| 8 | 277854 | 202778547 | 建筑库101/101建筑库 79排2列3层/ [索取号:TU312/D371] | 在馆 |